00463nam a2200181 a 4500001001300000003000900013005001700022008004100039020001000080082001300090100002100103245004300124260003700167300000900204500003500213650001200248700002100260nice12345678IN_TiNIC20260116013602.0070829s1992 lona grp 000 0 eng  ac58500a305bSCH aSchroeder, Ralph aMax Weber and the Sociology of Culture aLondon bSage Publication c1992 a177p aincludes index and biblioraphy aSociety1 aSchroeder, Ralph